000 00832nam a2200277 i 4500
001 bg
100 1 _aDębski, Maciej.
245 1 0 _aKreowanie silnej marki /
_cMaciej Dębski.
260 _aWarszawa :
_bPolskie Wydawnictwo Ekonomiczne,
_c2009.
300 _a137 s. :
_bil. ;
_c21 cm.
490 1 _aMarketing bez Tajemnic
504 _aBibliogr. s. 133-137.
650 9 _aFirma (nazwa)
_xmarketing
650 9 _aZnaki towarowe
_xzarządzanie
655 _aPoradniki
830 _aMarketing bez Tajemnic
020 _a9788320817959
040 _cBPK
041 _apol
044 _aPOL
080 _a338.139:339.166.5:005.336](083.1)
920 _a978-83-208-1795-9
942 _cKS
008 s pl f |000 0 pol
999 _c56032
_d56032
856 _uhttp://koha.tu.koszalin.pl/cgi-bin/koha/opac-detail.pl?biblionumber=56032
_yKatalog online BPK